Misez sur l'intelligence de vos employes et osez communiquer : huit regles pour reussir la negociation d'une convention collective /

Bibliographic Details
Main Author: Lavoie, Sylvie, 1963-
Other Authors: Béliveau, Marcel, 1943-
Format: eBook
Language:French
Published: Sainte-Foy : Presses de l'Universite du Quebec, 2005.
Series:PRATICOM.
Subjects:
Online Access:Connect to the full text of this electronic book

MARC

Tag First Indicator Second Indicator Subfields
LEADER 00000pam a22000004a 4500
001 in00003403613
005 20190405203132.0
006 m o d
007 cr |||||||nn|n
008 050614s2005 quc o d fre d
010 |z  2005415087 
020 |a 9782760518391 
020 |z 2760513491 
020 |z 9782760513495 
035 |a (MdBmJHUP)muse9782760518391 
040 |a MdBmJHUP  |c MdBmJHUP  |d UtOrBLW 
050 0 0 |a HD30.3  |b .L384 2005 
100 1 |a Lavoie, Sylvie,  |d 1963- 
245 1 0 |a Misez sur l'intelligence de vos employes et osez communiquer :  |b huit regles pour reussir la negociation d'une convention collective /  |c Sylvie Lavoie, Marcel Beliveau. 
264 1 |a Sainte-Foy :  |b Presses de l'Universite du Quebec,  |c 2005. 
300 |a 1 online resource (xii, 86 pages ; 21 cm.) 
336 |a text  |b txt  |2 rdacontent 
337 |a computer  |b c  |2 rdamedia 
338 |a online resource  |b cr  |2 rdacarrier 
490 1 |a PRATICOM 
588 |a Description based on print version record. 
500 |a Electronic resource. 
650 0 |a Communication in organizations. 
650 0 |a Industrial relations. 
650 0 |a Employees  |x Reporting to. 
650 0 |a Collective bargaining. 
650 0 |a Communication in management. 
655 7 |a Electronic books.  |2 local 
700 1 |a Béliveau, Marcel,  |d 1943- 
856 4 0 |u http://proxy.library.tamu.edu/login?url=http://muse.jhu.edu/books/9782760518391/  |z Connect to the full text of this electronic book  |t 0 
830 0 |a PRATICOM. 
999 |a MARS 
999 f f |s 59b79354-7b8d-3caa-96a7-7af97ea86ef7  |i 9fab537c-5066-34ec-962e-62534592a1d6  |t 0 
952 f f |a Texas A&M University  |b College Station  |c Electronic Resources  |d Available Online  |t 0  |e HD30.3 .L384 2005  |h Library of Congress classification 
998 f f |a HD30.3 .L384 2005  |t 0  |l Available Online